Ingredients in Pesto Quiz Stats

Quiz Updated Nov 11, 2017

Challenge
Share
Tweet
Embed
Score 0/6 Timer 01:00
1 Play Today
Amount Ingredient % Correct
1 cloveGarlic
93.2%
4 cupsBasil
90.4%
A dashSalt and Pepper
90.2%
1/2 cupExtra Virgin Olive Oil
88.5%
1/2 cupToasted Pine Nuts
74.8%
1/2 cupParmesan Cheese
55.3%

You're not logged in!

Compare scores with friends on all Sporcle quizzes.
Join for Free
OR
Log In

You Might Also Like...

Show Comments

Extras

Top Quizzes Today


Score Distribution

Your Account Isn't Verified!

In order to create a playlist on Sporcle, you need to verify the email address you used during registration. Go to your Sporcle Settings to finish the process.

Report this User

Report this user for behavior that violates our Community Guidelines.

Details: